| 000 | 00717nam a2200217 a 4500 | ||
|---|---|---|---|
| 005 | 20140310183443.0 | ||
| 008 | 080729s19uu xx 00 eng d | ||
| 020 | _a1412915597 | ||
| 050 |
_aLB 2806.15 _b.G565 2007 |
||
| 100 | _aGlass, Kathy Tuchman | ||
| 245 |
_aCurriculum mapping : _ba step-by-step guide for creating curriculum year overviews / _cKathy Tuchman Glass |
||
| 260 |
_aThousand Oaks, California : _bCorwin Press, _c2007. |
||
| 300 |
_a128 p. : _bill. ; _c29 cm. |
||
| 521 | _aEDU | ||
| 650 | _aSpecial education books. | ||
| 650 | _aCurriculum planning | ||
| 650 | _aCuuriculum evaluation. | ||
| 650 | _aTeacher participation in curriculum planning. | ||
| 942 |
_cBK _2lcc _kFOR |
||
| 999 |
_c23161 _d23161 |
||